000 00378nam a2200157Ia 4500
008 210210b1958 xxu||||| |||| 00| 0 eng d
041 _aeng
082 _a791/48
100 _aSAVIN
245 _aFootball
260 _aLodnon
_bForeign Languages Publishing House
_c1958
650 _aFootball
690 _aAthletic & Outdoor Sports
700 _aSUSHKOV
906 _a011092
999 _c139207
_d139207